Yeat - 2093 (P2) Tracklist - Statistics

General Stats
  • This quiz has been taken 73 times
  • The average score is 16 of 24
Answer Stats
No. Answer % Correct
24 1093
100%
17 2093
100%
1 Psycho CEO
96%
23 If We Being Real
85%
3 Breathe
81%
4 More
81%
5 Bought The Earth
77%
11 ILUV
73%
2 Power Trip
73%
7 U Should Know
73%
8 As We Speak
69%
9 Lyfestyle
69%
6 Nothing Change
69%
10 Tell Me
65%
19 Familia
62%
13 Never Quit
62%
15 Riot and Set It Off
62%
12 Shade
62%
16 Team CEO
62%
14 Keep Pushin
50%
18 Stand On It
50%
21 Psychocain
46%
22 Run They Mouth
46%
20 Mr. Imbetweenit
4%
No matching quizzes found
Score Distribution
Percent of People with Each Score
Percentile by Number Answered
Your Score History
You have not taken this quiz